Young surveyors and Jubilee (Record no. 69104)

MARC details
000 -LEADER
fixed length control field 00741cam a2200181 4500
001 - CONTROL NUMBER
control field WB3747-30
008 - FIXED-LENGTH DATA ELEMENTS--GENERAL INFORMATION
fixed length control field 011213n2001 000 0 eng u
035 ## - SYSTEM CONTROL NUMBER
System control number (Sirsi) u115987
245 ## - TITLE STATEMENT
Title Young surveyors and Jubilee
260 ## - PUBLICATION, DISTRIBUTION, ETC.
Date of publication, distribution, etc. 2001
490 ## - SERIES STATEMENT
Series statement RICS Press Release
Volume/sequential designation (pr131) 12 December 2001, (2)
520 ## - SUMMARY, ETC.
Summary, etc. RICS Junior Organisation (JO) has been selected to organise the official Anchor Chain of beacons that will form part of the 2002 Summer Party to celebrate the Golden Jubilee of Her Majesty the Queen. The beacons, located on 135 sites across the UK, will be lit on Monday 3 June 2002.
590 ## - LOCAL NOTE (RLIN)
Local note WB
650 ## - SUBJECT ADDED ENTRY--TOPICAL TERM
Topical term or geographic name entry element ABOUT RICS-RICS JUNIOR ORGANISATION
650 ## - SUBJECT ADDED ENTRY--TOPICAL TERM
Topical term or geographic name entry element JUBILEE BEACONS
690 ## - LOCAL SUBJECT ADDED ENTRY--TOPICAL TERM (OCLC, RLIN)
Topical term or geographic name as entry element RICS NEWS
942 ## - ADDED ENTRY ELEMENTS (KOHA)
Suppress in OPAC 0
Holdings
Withdrawn status Lost status Source of classification or shelving scheme Damaged status Not for loan Home library Current library Shelving location Date acquired Total Checkouts Full call number Barcode Date last seen Copy number Price effective from Koha item type
    Dewey Decimal Classification     London London News article 13/12/2001   WB3747-30 115987-1001 06/08/2019 1 06/08/2019 News article